[Event "Calgary 14th"]
[Site "Calgary"]
[Date "2023.12.27"]
[Round "3"]
[White "Wu, Jonathan"]
[Black "Srinivasan, Hemant"]
[Result "0-1"]
[WhiteElo "2015"]
[BlackElo "2020"]
[PlyCount "114"]
[EventDate "2023.12.26"]
[EventType "swiss"]
[EventRounds "9"]
[EventCountry "CAN"]
[SourceTitle "CB02_2024"]
[SourceDate "2024.01.10"]
[SourceVersion "1"]
[SourceVersionDate "2024.01.10"]
[SourceQuality "1"]

1. e4 c6 2. d4 d5 3. e5 c5 4. Nf3 Nc6 5. dxc5 Bg4 6. c3 e6 7. Be3 a6 8. Nbd2 Nxe5 9. Be2 Bxf3 10. Nxf3 Nc6 11. 0-0 g6 12. b4 Bg7 13. Qb3 Nge7 14. Rad1 0-0 15. Rfe1 Qc7 16. a3 Rad8 17. c4 d4 18. Bd2 e5 19. Ng5 h6 20. Ne4 f5 21. Nd6 e4 22. b5 Ne5 23. Bb4 d3 24. Bf1 Kh7 25. a4 Ng4 26. b6 Qd7 27. h3 Ne5 28. Bc3 N7c6 29. Qb2 Qe7 30. Bxd3 Qg5 31. Be2 e3 32. f3 Rd7 33. Rd5 Qg3 34. Rf1 g5 35. f4 Nxc4 36. Nxc4 Rxd5 37. Bxg7 Rg8 38. Bc3 gxf4 39. Bf3 Rxc5 40. Nd6 e2 41. Rf2 Nd4 42. Bxe2 Rxc3 43. Bf1 Nf3+ 44. Rxf3 Rxf3 45. Qc2 Rc3 46. Qxf5+ Qg6 47. Qxf4 Rg3 48. Qd2 Rd8 49. Qd5 Qxd6 50. Qxb7+ Rd7 51. Qe4+ Qg6 52. Qb4 Rg7 53. Qb2 Qe4 54. Kh2 Qf4 55. Qc2+ Kh8 56. Kg1 Qe3+ 57. Kh2 Rxh3+ 0-1

[Event "Canadian op"]
[Site "Calgary"]
[Date "2023.07.26"]
[Round "6"]
[White "Wu, Jonathan"]
[Black "Ratte, Cameron"]
[Result "1-0"]
[WhiteElo "1906"]
[BlackElo "1781"]
[PlyCount "108"]
[EventDate "2023.07.22"]
[EventType "swiss"]
[EventRounds "10"]
[EventCountry "CAN"]
[SourceTitle "EXT 2024"]
[Source "ChessBase"]
[SourceDate "2023.10.10"]
[SourceVersion "1"]
[SourceVersionDate "2023.10.10"]
[SourceQuality "1"]

1. e4 e6 2. d4 d5 3. Nc3 Nf6 4. e5 Ng8 5. f4 c5 6. Nf3 Nh6 7. Be3 Nf5 8. Bf2 Nxd4 9. Nxd4 cxd4 10. Qxd4 Nc6 11. Qd2 Bb4 12. a3 Qa5 13. 0-0-0 Bxc3 14. Qxc3 Qxc3 15. bxc3 0-0 16. c4 dxc4 17. Bxc4 b6 18. Bh4 Bb7 19. Rhg1 Na5 20. Ba2 Rac8 21. Rd4 Rc5 22. Be7 Rc7 23. Bxf8 Kxf8 24. Rgd1 Bxg2 25. Rd7 Rxd7 26. Rxd7 Nc6 27. Bc4 g5 28. Rd2 Be4 29. Re2 Bf3 30. Rf2 g4 31. Be2 Bxe2 32. Rxe2 Ke7 33. Kd2 f6 34. Kd3 Kf7 35. exf6 Kxf6 36. Ke4 h5 37. Rd2 Ne7 38. Rd7 a5 39. c4 Nf5 40. Rd8 h4 41. Rb8 Nd6+ 42. Kd3 Kf5 43. Rxb6 g3 44. hxg3 hxg3 45. c5 Nc8 46. Ke3 e5 47. fxe5 Kxe5 48. Rb5 a4 49. Rb1 Kd5 50. Rc1 Na7 51. Kf3 Nc6 52. Kxg3 Na5 53. Kf4 Kc6 54. Ke5 Nc4+ 1-0

[Event "Banff op"]
[Site "Banff"]
[Date "2022.11.13"]
[Round "5"]
[White "Yang, Jingyun Ryan"]
[Black "Wu, Jonathan"]
[Result "1-0"]
[WhiteElo "2032"]
[BlackElo "1806"]
[PlyCount "89"]
[EventDate "2022.11.11"]
[EventType "swiss"]
[EventRounds "6"]
[EventCountry "CAN"]
[SourceTitle "CBM 211 Extra"]
[Source "ChessBase"]
[SourceDate "2023.01.31"]
[SourceVersion "1"]
[SourceVersionDate "2023.01.31"]
[SourceQuality "1"]

1. Nf3 d5 2. g3 g6 3. Bg2 Bg7 4. 0-0 e5 5. d3 Nc6 6. Nbd2 Nf6 7. c4 dxc4 8. Nxc4 e4 9. dxe4 Qxd1 10. Rxd1 Nxe4 11. Bf4 Be6 12. Nfe5 Nxe5 13. Bxe5 Bxe5 14. Nxe5 Nd6 15. Rac1 0-0-0 16. b3 Rhe8 17. Nf3 Nb5 18. Ng5 Rxd1+ 19. Rxd1 Nc3 20. Rd2 Bf5 21. Bf3 Re7 22. Nxh7 c6 23. g4 Bb1 24. Nf6 g5 25. Kg2 Nxa2 26. Kg3 Nc3 27. h4 gxh4+ 28. Kxh4 Kc7 29. g5 b5 30. b4 Bg6 31. Bg4 Ne4 32. Ra2 Kb7 33. f4 Nd6 34. Rd2 Nf5+ 35. Bxf5 Bxf5 36. e4 Bxe4 37. Re2 Kb6 38. Rxe4 Rb7 39. Rd4 a5 40. Nd7+ Rxd7 41. Rxd7 axb4 42. Rxf7 b3 43. Re7 c5 44. g6 c4 45. g7 1-0

[Event "Wch FIDE Online U10 America qual"]
[Site "Tornelo INT"]
[Date "2020.12.04"]
[Round "7"]
[White "Wu, Jonathan"]
[Black "Ulloa Centeno, Leandro Nicolas"]
[Result "0-1"]
[WhiteElo "1441"]
[BlackElo "1336"]
[PlyCount "88"]
[EventDate "2020.12.01"]
[EventType "swiss (rapid)"]
[EventRounds "7"]
[EventCountry "ISS"]
[SourceTitle "EXT 2022"]
[Source "ChessBase"]
[SourceDate "2021.10.06"]
[SourceVersion "1"]
[SourceVersionDate "2021.10.06"]
[SourceQuality "1"]

1. e4 c5 2. Nf3 d6 3. Bb5+ Bd7 4. Bxd7+ Nxd7 5. 0-0 g6 6. c3 Bg7 7. d4 cxd4 8. cxd4 e6 9. Nc3 Ne7 10. Be3 0-0 11. Rc1 Nb6 12. Qe2 Rc8 13. Nb5 d5 14. exd5 Nexd5 15. Rxc8 Qxc8 16. Nxa7 Qa8 17. Nb5 Qxa2 18. Nd6 Rb8 19. Qb5 Qa6 20. Qxa6 bxa6 21. Ra1 Ra8 22. g3 Ra7 23. Ne4 Nxe3 24. fxe3 Nc4 25. b3 Nxe3 26. Nc5 a5 27. Kf2 Nc2 28. Rd1 Rc7 29. Rd2 Nxd4 30. Na6 Nxf3 31. Rd8+ Bf8 32. Nxc7 Ne5 33. Ra8 Nd3+ 34. Ke3 Nc5 35. Rxa5 Nxb3 36. Rb5 Nc5 37. Kd4 Nd7 38. Ra5 Kg7 39. Ne8+ Kg8 40. Kc4 Nb6+ 41. Kb5 Nd5 42. Ra1 f5 43. Kc4 Kf7 44. Ra8 Nb6+ 0-1